[Event "Sharjah Master 2024"]
[Site "Shsrjah - Abu Dhabi"]
[Date "2024.05.19"]
[Round "?"]
[White "Radjabov, Teimour"]
[Black "Nesterov, Arseniy"]
[Result "1-0"]
[WhiteElo "2723"]
[BlackElo "2589"]
[PlyCount "73"]
[EventDate "2024.05.14"]
[EventCountry "UAE"]

{[%evp 16,73,33,35,48,35,36,32,33,30,41,28,27,21,20,21,46,39,44,38,71,70,66,66,66,72,72,63,160,152,161,161,153,183,179,115,104,105,146,157,162,153,159,146,295,315,311,309,305,296,441,441,569,565,564,559,704,704,697,678]} 1. e4 e5 2. Nf3 Nf6 3. d4 Nxe4 4. Bd3 d5 5. Nxe5 Nd7 6. Nc3 Nxc3 7. bxc3 Bd6 8. O-O O-O 9. Re1 (9. Qh5 g6 $15) 9... c5 10. Qf3 ({Of course not} 10. Qh5 Nf6 $15) 10... c4 11. Bf5 Nxe5 {White is slightly better.} 12. dxe5 {Bxc8 is the strong threat.} Re8 13. Bf4 $146 {And now Bxc8 would win.} ({RR} 13. Bxc8 Rxc8 14. Bg5 Qxg5 15. exd6 Re6 $1 16. h4 Qf6 $2 (16... Qxh4 $11 {and Black has nothing to worry.} 17. d7 Rf8) 17. Qxd5 $2 (17. d7 $18 Rd8 18. Qxd5) 17... Rxd6 18. Qxb7 Rcd8 19. Qxa7 Qxh4 20. Qe7 Qxe7 21. Rxe7 Rd2 22. a4 g6 (22... Kf8 $11 23. Rc7 Rxc2) 23. a5 (23. Ra2 $16) 23... Rd1+ (23... Kf8 $11 24. Rc7 Rd1+ 25. Rxd1 Rxd1+ 26. Kh2 Ra1) 24. Re1 $1 {[%cal Re1d1]} R1d7 (24... R1d6 $16) 25. Re4 ({White should play} 25. Reb1 $18) 25... Rd1+ 26. Re1 $1 {[%cal Re1d1]} R1d7 27. a6 (27. Reb1 $1 $18) 27... Ra7 $1 {Ter Sahakyan,S (2643)-Gokerkan,C (2523) Samarkand UZB 2023 1-0 (63)}) 13... Bf8 14. Bxc8 $40 {[%mdl 128] White is up to no good.} Rxc8 15. Re2 Rc5 16. h3 h6 17. Rd1 Qd7 18. Red2 Rd8 19. Be3 Ra5 20. Bxa7 {aiming for Bb6.} Qe6 21. Bd4 Rxa2 $6 {Inaccuracy. b6 was best.} (21... b6) (21... b6 $14) 22. Rb1 $16 Qc6 23. Rb6 Qd7 24. Rd1 Ra6 {[#]} 25. Rdb1 $6 {Inaccuracy. Qg4 was best.} (25. Qg4 $1) (25. Qg4 $1 $18) 25... Rxb6 26. Rxb6 Ra8 {[#]} 27. Qg4 $1 {[%cal Rg4d7]} Qc7 28. Rxh6 g6 29. Rh4 Be7 $2 {Mistake. Bg7 was best.} (29... Bg7) (29... Bg7 $16) 30. Rh5 $18 Bf6 31. f4 Bg7 32. Rg5 Bh6 $6 {Inaccuracy. Qe7 was best.} (32... Qe7 33. Qf3 Ra1+ 34. Kf2 Rc1 35. Qxd5 Rxc2+ 36. Kg3 Kh7 37. Qxc4 Rd2 38. Qd5) (32... Kf8 {might work better.} 33. e6 Bxd4+ 34. cxd4 f5) 33. e6 {Black must now prevent Rf5.White is clearly winning.} Bxg5 $6 {Inaccuracy. Kf8 was best.} (33... Kf8 34. Re5 Qe7 35. exf7 Qxf7 36. f5 Ra6 37. Qh4 g5 38. Qg4 Bg7 39. Bc5+) 34. Qxg5 Kf8 35. Qf6 {White wants to mate with Qg7+.} Ra1+ 36. Kh2 {Threatening mate with Qg7+.} Ke8 {[#]} 37. Bc5 $1 {[%mdl 512] Accuracy: White = 95%, Black = 63%.} 1-0

[Event "Sharjah Master 2024"]
[Site "Shsrjah - Abu Dhabi"]
[Date "2024.05.19"]
[Round "?"]
[White "Dudin, Gleb"]
[Black "Artemiev, Vladislav"]
[Result "0-1"]
[WhiteElo "2554"]
[BlackElo "2705"]
[PlyCount "84"]
[EventDate "2024.05.14"]
[EventCountry "UAE"]

{[%evp 9,84,-7,-4,-14,-19,-25,17,23,17,20,29,37,59,59,53,41,49,5,0,2,1,-2,13,-9,-6,-3,-3,-9,0,0,0,0,0,-18,-6,-10,0,-19,-20,-22,-26,-25,-25,-19,-18,-28,-28,-35,-29,-33,-26,-33,-20,-72,-32,-34,-35,-30,0,0,0,-68,-78,-197,-185,-235,-236,-236,-226,-232,-232,-294,-293,-366,-365,-458,-450]} 1. d4 Nf6 2. c4 e6 3. Nc3 Bb4 4. a3 Bxc3+ 5. bxc3 Nc6 6. f3 b6 7. e4 h6 $146 ({RR} 7... d6 8. Ne2 (8. Bd3 $11) 8... Na5 9. Ng3 Qd7 10. Bg5 Ba6 11. c5 (11. d5 $11 {remains equal.}) 11... Bxf1 12. Nxf1 dxc5 13. dxc5 Qxd1+ 14. Rxd1 Nd7 15. cxb6 axb6 16. Nd2 (16. Ne3 $17 {keeps fighting.}) 16... Ne5 17. O-O Nac6 18. f4 Nd3 19. Nc4 (19. Nf3 $17 Nb2 20. Ra1) 19... Nc5 20. f5 Nxe4 21. Bf4 Nxc3 22. Rde1 {Badelka,O (2377)-Boyer,M (2415) chess.com INT 2024 0-1}) ({RR} 7... d6 8. Bd3 Na5 9. Nh3 Ba6 10. Qe2 Qd7 11. Rb1 c5 12. Bg5 h6 13. Bxf6 $1 gxf6 14. Nf4 (14. O-O $14) 14... h5 15. h4 O-O-O 16. Kf2 Qa4 17. Bc2 Qxa3 18. Rhc1 $2 (18. Qd2 $17 {was necessary.} cxd4 19. cxd4 Nxc4 20. Qc1) 18... Qxc3 19. d5 Bxc4 20. Bd3 Qd4+ 21. Kf1 exd5 22. Bxc4 {Caspi,I (2471)-Rasulov,V (2538) chess.com INT 2024 0-1 (35)}) ({RR} 7... e5 {7...a6 -0.17} 8. Ne2 d6 9. Ng3 Na5 10. Bd3 h5 11. h4 Qd7 12. Bg5 Ba6 (12... Nh7 $142) 13. Nf5 Rg8 14. Bxf6 (14. O-O $142) 14... gxf6 15. O-O O-O-O (15... Bxc4 $14 16. Rb1 c6) 16. a4 Kb8 17. Rf2 Rde8 18. Bf1 Bc8 19. Rd2 Qd8 20. c5 Bxf5 $1 21. exf5 dxc5 22. dxe5 {Tan,J (2315)-Barbosa,E (2491) Prague CZE 2024 ½-½ (45)}) 8. Bd3 {The position is equal.} Na5 9. Nh3 d6 10. O-O Ba6 11. f4 Nd7 12. e5 Qe7 13. c5 {[#] Strongly threatening cxd6.} Bxd3 14. cxd6 cxd6 15. Qxd3 Nb3 16. Rb1 Nxc1 17. Rbxc1 O-O 18. Qb5 dxe5 19. fxe5 f6 20. exf6 Rxf6 21. Qc6 Raf8 22. Qc7 Qf7 {[%cal Rf6f1]} 23. Rxf6 (23. Rf2 $2 {[%mdl 8192] 23.fe1 -0.05} Rf4 $4 {[%mdl 8192]} (23... Rxf2 $19 24. Qc4 Rb2) 24. Rxf4 Nf6) (23. Rfe1 {looks sharper.} a5 24. c4 Rf5 25. Kh1 e5 26. c5) 23... Nxf6 24. Qxf7+ Kxf7 $11 {[%mdl 4096] Endgame KRN-KRN} 25. Nf4 Rc8 26. Nd3 Ke8 27. a4 Ne4 28. c4 Rd8 29. Nf4 Ke7 30. Ne2 Rc8 31. h3 e5 $6 {Inaccuracy. Nd2 was best.} (31... Nd2 32. c5 bxc5 $1 33. dxc5 Nb3 34. Rc4 Rxc5 35. Rb4 Na5 36. Nd4 Rc7 37. Rb8) 32. dxe5 Ke6 33. a5 $1 Nd2 34. axb6 axb6 35. c5 $6 {Inaccuracy. Re1 was best.} (35. Re1 Kxe5) (35. Re1 $11) 35... bxc5 $15 36. Rc2 $6 {Inaccuracy. Ra1 was best.} (36. Ra1 Rb8 37. Ra7 g5 38. Kf2 Kxe5 39. Re7+ Kd6 40. Rh7 Ne4+ 41. Ke3 Rb2) (36. Ra1 $17 {was called for.}) 36... Ne4 $19 37. Nd4+ Kxe5 38. Nf3+ Kf4 39. Rc4 Ke3 40. Ne5 {intending Ng4+.} Re8 41. Nd7 $6 {Inaccuracy. Nf3 was best.} (41. Nf3 Kd3 42. Rc1 Re7 43. Rd1+ Kc2 44. Rd5 c4 45. Nd4+ Kb2 46. Nf5 Rc7) 41... Kd3 42. Rc1 $6 {Inaccuracy. Ra4 was best.} (42. Ra4 c4 43. Nb6 c3 44. Nd5 c2 45. Nb4+ Kc3 46. Nxc2 Kxc2 47. Ra7 Rg8) 42... c4 {Accuracy: White = 70%, Black = 87%.} 0-1

[Event "Sharjah Master 2024"]
[Site "Shsrjah - Abu Dhabi"]
[Date "2024.05.19"]
[Round "?"]
[White "Esipenko, Andrey"]
[Black "Vokhidov, Shamsiddin"]
[Result "0-1"]
[WhiteElo "2703"]
[BlackElo "2591"]
[PlyCount "98"]
[EventDate "2024.05.14"]
[EventCountry "UAE"]

{[%evp 9,98,17,19,5,15,10,13,4,34,34,19,24,64,35,51,62,48,50,64,-2,81,0,0,-3,-1,-13,60,9,160,-87,-97,-128,-128,-164,-169,-171,-172,-195,-202,-268,-267,-272,-258,-252,-166,-155,-159,-326,-318,-397,-303,-350,-344,-346,-353,-561,-557,-548,-487,-485,-478,-485,-476,-468,-449,-563,-575,-558,-537,-518,-496,-586,-500,-698,-676,-665,-663,-742,-726,-826,-814,-816,-812,-801,-793,-29979,-29982,-29982,-29983,-29982,-29983]} 1. e4 c5 2. Nf3 e6 3. c3 Nf6 4. Bd3 d5 5. e5 Nfd7 6. Bc2 c4 7. O-O (7. Kf1 $2 {7.d4 0.12}) ({RR} 7. Qe2 Nc6 8. d4 cxd3 $1 9. Bxd3 Qc7 10. Bf4 Be7 (10... f6 $11) 11. O-O g5 (11... Qd8 $16 {was called for.}) 12. Bxg5 (12. Nxg5 $18 Ndxe5 13. Re1 Bxg5 14. Bxg5) 12... Bxg5 13. Nxg5 Qxe5 14. Qh5 Qf6 (14... Nd8 $1 $14) 15. f4 Nc5 (15... Qe7 $16) 16. Bc2 $1 Bd7 17. Nd2 (17. b4 $18 {has better winning chances.}) 17... O-O-O 18. Ndf3 (18. f5 $16 e5 19. b4) 18... Be8 19. Rae1 (19. Qg4 $11) 19... Kb8 (19... h6 $15 20. Nh3 Qg7) 20. Kh1 (20. Qg4 $14) 20... h6 21. Nh3 Rg8 {Esipenko,A (2704)-Kramnik,V (2753) Rostov-on-Don RUS 2024 1-0 (43)}) 7... Nc6 8. Re1 {The position is equal.} ({RR} 8. Ba4 {8.e1 0.09} Qc7 9. Re1 Nc5 10. d4 cxd3 11. Bb5 Be7 12. Bxd3 Nxd3 13. Qxd3 h6 14. Nbd2 O-O 15. Nb3 b6 (15... f6 $11) 16. Bf4 Bd7 17. Nfd4 (17. Qd2 $16) 17... Nxd4 18. Nxd4 Rab8 $2 (18... f5 $1 $11) 19. Re3 f5 20. exf6 ({White has to play} 20. Rh3 $1 $18) 20... Qxf4 21. Rf3 $1 {[%cal Rf3f4]} Qd6 22. fxe7 Qxe7 {Nakamura,H (2789)-Vokhidov,S (2596) chess.com INT 2024 1-0 (86)}) 8... g5 $146 ({RR} 8... g6 {8...c7 -0.05} 9. d4 cxd3 $1 10. Qxd3 Bg7 11. Bf4 O-O 12. Nbd2 Qc7 13. Qe2 b5 14. Rac1 Qb6 15. Bd3 b4 16. Nb3 bxc3 17. Rxc3 Nb4 ({Black should play} 17... Bb7 $14) 18. Bb5 (18. Nbd4 $16) 18... Nxa2 19. Rc6 Qb8 $1 20. Nbd4 a6 $1 21. Ba4 Nb4 22. Qd2 a5 (22... Nxc6 $11 23. Nxc6 Qc7 24. Ne7+ Kh8) 23. Rc3 {Vlachos,A (2471)-Fedorchuk,S (2546) Lyon FRA 2024 ½-½ (38)}) ({RR} 8... Qc7 9. d4 (9. Qe2 $11) 9... cxd3 $1 10. Ba4 Nc5 (10... a6 $15 11. Bxc6 bxc6) 11. Bb5 Qb6 12. a4 a6 13. Bxc6+ bxc6 14. a5 Qb3 15. Nd4 Qxd1 16. Rxd1 Bd7 17. b4 Na4 18. Rxd3 c5 19. Nc2 (19. bxc5 $17 {might work better.} Bxc5 20. Nd2) 19... cxb4 20. cxb4 Rc8 21. Nba3 Be7 ({Black should try} 21... f6 $19 22. exf6 gxf6) 22. Bd2 Nb2 (22... f6 $17 23. f4 O-O) 23. Rg3 {Ponkratov,P (2614)-Guseinov,G (2636) chess.com INT 2024 0-1 (64)}) ({RR} 8... Qc7 9. Qe2 h6 (9... g5 $1 $11) 10. d4 cxd3 11. Bxd3 g5 12. Na3 a6 13. c4 g4 14. Nd2 (14. Nh4 $1 $14 {was forced to keep a grip.}) 14... Ndxe5 15. cxd5 Nxd3 $4 {[%mdl 8192]} (15... exd5 $17 {and life is bright.} 16. f4 {[%mdl 64] Pin} gxf3 17. Nxf3 Bg4) 16. Qxd3 Nb4 17. Qb3 $2 (17. Qd4 $18 {is the precise move to win.} Rg8 18. Ne4) 17... Be7 18. dxe6 $2 (18. d6 $1 $16 {[%cal Rd6c7]} Bxd6 19. Ne4) 18... Bxe6 19. Qe3 O-O-O 20. Ndc4 (20. Ne4 {was worth a try.}) 20... Kb8 ({Better is} 20... Nd3 $19 21. Qe4 Bc5) 21. b3 (21. Qe4 $17 {was necessary.} Nd3 22. Be3) 21... Bf6 $2 (21... Nd3 $19 22. Bd2 Bxa3) 22. Bb2 Bxc4 $4 {[%mdl 8192]} (22... Bxb2 $17 23. Nxb2 Bd5) 23. Bxf6 {Gonzalez Vega,A (2092)-Morales Garcia,S (2249) chess.com INT 2024 0-1 (53)}) 9. b3 g4 10. Nd4 Ncxe5 11. bxc4 dxc4 12. d3 cxd3 (12... Nxd3 13. Bxd3 cxd3 14. Qxd3 $11) 13. Bxd3 a6 14. Bf1 $6 {Inaccuracy. Bc2 was best.} (14. Bc2 b6 15. Nd2 Bb7 16. Nc4 Qf6 17. Nxe5 Nxe5 18. Ba4+ b5 19. Nxb5 $1 axb5) (14. Bc2 $14) 14... Be7 $6 {Inaccuracy. b6 was best.} (14... b6 15. Nd2 Qc7 16. Ne4 Be7 17. Bf4 Bb7 18. a4 (18. Qxg4 $5 Nxg4 19. Bxc7 $11) 18... Rc8 19. a5 Nf3+ 20. Qxf3) (14... b6 $11 {remains equal.}) 15. Nd2 $6 {Inaccuracy. Bh6 was best.} (15. Bh6 Rg8 16. Nd2 Bg5 17. Bxg5 Rxg5 18. Ne4 Rg6 19. Qa4 (19. Nd6+ $16 Kf8 20. Nc4) 19... Kf8 20. Rad1 Rb8) (15. Bh6 $1 $16) 15... Qc7 $11 16. Ne4 b6 17. Bf4 h5 (17... Bb7 $11) 18. Nd2 Bd6 $2 {Mistake. Ra7 was best.} (18... Ra7 19. Re3) (18... Ra7 $11) 19. Ne4 $4 {[#] Blunder. Nc4 was best.} (19. Nc4 $1 Nf3+) (19. Nc4 $1 $16 {is necessary to keep the advantage.} Nf3+ {[%mdl 64] Discovered Attack} 20. Qxf3 gxf3 21. Rxe6+ $1 {[%mdl 512]} fxe6 22. Nxd6+ Qxd6 23. Bxd6) 19... Nf3+ $1 $17 {[%mdl 512]} 20. Qxf3 (20. Nxf3 Bxf4) 20... Bxf4 21. Nd6+ $6 {Inaccuracy. Nf6+ was best.} (21. Nf6+ Nxf6 22. Qxa8 Bxh2+ 23. Kh1 Qb8 24. Qc6+ Bd7 25. Qc4 Kf8 26. Nc6 Bxc6) 21... Bxd6 (21... Qxd6 22. Qxa8 Bxh2+ 23. Kh1 $14) 22. Qxa8 O-O $36 {[%mdl 2048] Strongly threatening ...Bb7. Black is on the roll.} (22... Bxh2+ 23. Kh1 $15) 23. Bxa6 {[#]} Nc5 $1 24. Nb5 Bxh2+ 25. Kh1 {[#]} Qe7 $1 {[%cal Re7h4]} 26. Kxh2 (26. Bxc8 $2 Qh4 $19) 26... Bxa6 27. Qc6 Nd3 {aiming for ...Qh4+.} ({Resist} 27... Qh4+ 28. Kg1 $15) 28. Qxb6 $2 {Mistake. Kg1 was best.} (28. Kg1 Bb7) (28. Kg1 $17) 28... Bxb5 $19 ({Weaker is} 28... Nxe1 29. Rxe1 Bb7 30. Kg1 $11) ({Don't do} 28... Qh4+ 29. Kg1 $19) 29. Re4 Qg5 $6 {Inaccuracy. Qh4+ was best.} (29... Qh4+ 30. Kg1 Bc6 31. Qxc6 Qxf2+ 32. Kh2 Nf4 33. Rxf4 Qxf4+ 34. g3 Qd2+ 35. Qg2) 30. Kg1 $6 {Inaccuracy. a4 was best.} (30. a4 Ba6 31. a5 Qf5 32. Qe3 e5 33. f3 Qf6 34. fxg4 Nf2 35. gxh5 Nxe4) 30... Rc8 31. a4 Bc6 32. Qa6 $2 {Mistake. Qe3 was best.} (32. Qe3 Qxe3 33. Rxe3 Nf4 34. g3 Nh3+ 35. Kf1 Bb7 36. a5 Ba6+ 37. Ke1 Kg7) (32. Qe3 $142 Qd5 33. f3 gxf3 34. gxf3) 32... Bxe4 33. Qxc8+ Kg7 34. Qc4 Qf5 35. Qd4+ Kh7 36. Qe3 Nf4 37. Re1 Bxg2 38. Qe5 Qxe5 39. Rxe5 h4 40. Kh2 Bf3 41. a5 Kg6 {And now ...Nd3 would win.} 42. Re3 Ba8 43. a6 Nh3 44. f3 gxf3 {( -> ...f2)} 45. Re1 Nf2 46. Rg1+ Kf5 47. Rg8 $2 {Checkmate is now unavoidable. Rg7 was best.} (47. Rg7 Ng4+ 48. Kg1 f6 49. Kf1 Be4 50. c4 h3 51. a7 h2 {[%cal Rh2h1]} 52. Rh7 f2) 47... Ng4+ {Black mates.} 48. Kg1 f2+ 49. Kf1 Be4 {Accuracy: White = 50%, Black = 82%.} 0-1

[Event "Sharjah Master 2024"]
[Site "Shsrjah - Abu Dhabi"]
[Date "2024.05.19"]
[Round "?"]
[White "Can, Emre"]
[Black "Sadhwani, Raunak"]
[Result "1/2-1/2"]
[WhiteElo "2549"]
[BlackElo "2654"]
[PlyCount "71"]
[EventDate "2024.05.14"]
[EventCountry "UAE"]

1. d4 Nf6 2. c4 e6 3. Nf3 h6 4. g3 Bb4+ 5. Bd2 Be7 6. Bg2 O-O 7. O-O d5 8. Qc2 c6 9. Bf4 $146 ({RR} 9. b3 b6 10. Bc3 Bb7 11. Nbd2 Nbd7 12. e4 Nxe4 13. Nxe4 dxe4 14. Qxe4 Qc7 15. Ne5 Nxe5 16. dxe5 Rab8 17. Rfd1 c5 18. Qe2 Bc6 19. Rd2 Rbd8 20. Rad1 Rxd2 21. Rxd2 Rd8 22. Rxd8+ Bxd8 23. Qd3 Be7 {Ohanyan,E (2489)-Esipenko,A (2702) Moscow RUS 2024 ½-½}) ({RR} 9. Rd1 Nbd7 10. b3 a5 11. Nc3 b6 12. e4 Ba6 13. e5 Nh7 14. h4 Rc8 15. Bf1 f5 16. exf6 Rxf6 17. Nh2 e5 18. Be3 exd4 19. Bxd4 Rf8 20. cxd5 Bxf1 21. Nxf1 cxd5 22. Ne3 Nhf6 23. Qe2 Nc5 {Salem,A (2639)-Tabatabaei,M (2692) Samarkand UZB 2023 1-0 (51)}) 9... Nbd7 10. Rd1 a5 11. Nc3 dxc4 12. Nd2 Nb6 13. e4 Bd7 14. Nf3 Be8 15. Qe2 Rc8 16. Ne5 Bd6 17. Be3 Bb8 18. Rac1 Qe7 19. Nxc4 Nxc4 20. Qxc4 Ba7 21. h3 Bd7 22. Qe2 Rfd8 23. Na4 Be8 24. Nc5 Nh7 25. e5 f5 26. f4 Nf8 27. Kh2 Ra8 28. Bf3 Kh8 29. a3 Bf7 30. b4 $6 {Inaccuracy. h4 was best.} (30. h4) 30... axb4 31. axb4 Bb6 32. Qb2 Rab8 $6 {Inaccuracy. Rdb8 was best.} (32... Rdb8) 33. Rd2 $6 {Inaccuracy. Na4 was best.} (33. Na4 Nd7 34. Bf2 Bc7 35. b5 Rdc8 36. Rd3 Be8 37. b6 Bd8 38. Rb3 Qf7) 33... Be8 34. Qb3 $6 {Inaccuracy. Rcd1 was best.} (34. Rcd1 Ra8 35. Qb3 Rdb8 36. Bf2 Rd8 37. h4 Bxc5 38. dxc5 Rxd2 39. Rxd2 g5) 34... Ra8 $6 {Inaccuracy. Bxc5 was best.} (34... Bxc5 35. bxc5) 35. Rdc2 $6 {Inaccuracy. Rcd1 was best.} (35. Rcd1) 35... Ra7 $6 {Inaccuracy. Bxc5 was best.} (35... Bxc5 36. dxc5 Ng6 37. Rd1 Rxd1 38. Bxd1 Qf7 39. Rd2 Ne7 40. Rd6 Nd5 41. Be2) 36. Ra2 1/2-1/2

[Event "Sharjah Master 2024"]
[Site "Shsrjah - Abu Dhabi"]
[Date "2024.05.19"]
[Round "?"]
[White "Ter-Sahakyan, Samvel"]
[Black "Mchedlishvili, Mikheil"]
[Result "1-0"]
[WhiteElo "2650"]
[BlackElo "2567"]
[PlyCount "69"]
[EventDate "2024.05.14"]
[EventCountry "UAE"]

{[%evp 25,69,12,11,12,11,14,11,11,16,14,12,10,7,17,25,0,-2,-3,2,-15,54,54,84,104,99,105,121,122,105,104,141,155,154,154,140,139,138,139,154,138,338,333,486,487,29995,29996]} 1. d4 Nf6 2. c4 e6 3. Nc3 Bb4 4. e3 O-O 5. Bd3 (5. Be2) 5... c5 6. Nge2 cxd4 7. exd4 d5 8. cxd5 Nxd5 9. O-O Nc6 10. Bc2 Bd6 $146 ({RR} 10... Qh4 11. a3 Bxc3 12. bxc3 Rd8 13. Qd3 e5 14. c4 Nde7 15. d5 Bf5 16. Qc3 Bxc2 17. dxc6 Bd3 18. c7 Rd7 19. Rd1 e4 20. Bb2 Qf6 21. Qxf6 gxf6 22. Nf4 f5 23. Nh5 Rxc7 24. Nf6+ Kf8 25. Nxh7+ {Sevian,S (2697)-Durarbayli,V (2627) Saint Louis USA 2024 0-1 (68)}) 11. Qd3 g6 12. a3 Nxc3 13. bxc3 e5 14. Ng3 exd4 15. cxd4 Bxg3 16. Qxg3 {The position is equal.} Nxd4 {Hoping for ...Ne2+.} 17. Bd3 Bf5 18. Bb2 Bxd3 19. Qxd3 Nc6 20. Qh3 Qd2 21. Rab1 Rad8 22. Ba1 Qd7 $6 {Inaccuracy. b6 was best.} (22... b6 23. Qb3 Nd4 24. Qa4 Ne2+ 25. Kh1 Qd7 26. Qb4 Rde8 27. Rfe1 Qf5 28. Rbd1) (22... b6 $11) 23. Qh4 $40 {[%mdl 1152] And now Qf6 would win. White has compensation. White has some attack.} f5 24. Qc4+ Rf7 25. Rfe1 h5 26. h3 Kh7 27. Rbd1 Re8 28. Qc3 Rxe1+ 29. Rxe1 {[%csl Ga1][%cal Rc3h8]} Rf8 30. Re6 Qf7 31. Rd6 Qe7 32. Qg3 {[%csl Gd6][%cal Rg3g6]} Rg8 $2 {Mistake. Qf7 was best.} (32... Qf7 33. Kh2 Re8 34. Qc3 Nd8 35. Rf6 Qg7 36. Qd4 Rf8 {[#]} 37. Qd6 $1 Re8 38. a4) (32... Qf7 $16) 33. Bf6 $18 Qe8 $2 {Mistake. Qf7 was best.} (33... Qf7 {[#]} 34. Qd3 $1 Nb8 35. a4 Re8 36. Bb2 Rf8 37. Qd2 a6 38. Qd3 a5 39. Qd2) (33... f4 $142 34. Qxf4 Rf8) 34. Qb3 Qc8 $4 {Checkmate is now unavoidable. b6 was best.} (34... b6 35. Qc3 Ne7 36. Qd4 Rf8 37. Bxe7 Qxe7 38. Rd7 Rf7 39. Rxe7 Rxe7 40. Kh2) (34... Qe1+ $18 35. Kh2 Qe4 36. Rd7+ Kh6) 35. Qf7+ {Accuracy: White = 87%, Black = 45%.} 1-0

[Event "Sharjah Master 2024"]
[Site "Shsrjah - Abu Dhabi"]
[Date "2024.05.19"]
[Round "?"]
[White "Sargsyan, Shant"]
[Black "Gurel, Ediz"]
[Result "1/2-1/2"]
[WhiteElo "2637"]
[BlackElo "2578"]
[PlyCount "57"]
[EventDate "2024.05.14"]
[EventCountry "UAE"]

1. e4 e5 2. Nf3 Nf6 3. Nxe5 d6 4. Nf3 Nxe4 5. d4 d5 6. Bd3 Bf5 7. O-O Be7 8. Re1 O-O 9. Nbd2 Nd6 10. Nf1 c6 11. Bf4 Bxd3 12. Qxd3 Na6 13. h4 ({RR} 13. Ne3 Nc7 14. g3 Re8 15. h4 Ne6 16. Bxd6 Bxd6 17. Kg2 Qf6 18. b4 Qg6 19. Qxg6 hxg6 20. Reb1 a6 21. a4 Nc7 22. c3 f6 23. Nd2 Kf7 24. Nb3 Re7 25. Nc5 Ne6 26. Nd3 Nc7 27. Nf1 a5 {Tabatabaei,M (2692)-Radjabov,T (2723) Samarkand UZB 2023 0-1 (107)}) 13... Nc7 14. Ng5 g6 15. Qh3 $146 ({RR} 15. Ne3 h6 16. Nf3 h5 17. Re2 Ne6 18. Nxd5 cxd5 19. Rxe6 Ne4 20. Rxe4 dxe4 21. Qxe4 Bd6 22. Re1 Bxf4 23. Qxf4 Re8 24. Re5 {½-½ (24) Sychev,K (2543)-Nesterov,A (2590) Sochi RUS 2024}) 15... Nf5 16. c3 h6 17. Bxc7 Qxc7 18. Nf3 h5 19. g4 hxg4 20. Qxg4 Nh6 21. Qg2 Bf6 22. h5 Kh7 23. hxg6+ fxg6 24. Re6 Rae8 25. Rae1 Rxe6 26. Rxe6 Qf7 27. Qh3 Kg7 28. Ne3 Bg5 29. Kg2 1/2-1/2